Student solutions manual to accompany Sanders : statistics: a first course
Αποθηκεύτηκε σε:
| Κύριος συγγραφέας: | |
|---|---|
| Μορφή: | Βιβλίο |
| Γλώσσα: | English |
| Δημοσίευση: |
New York :
McGraw-Hill, inc.,
c1995
|
| Έκδοση: | 5th ed. |
| Θέματα: | |
| Ετικέτες: |
Προσθήκη ετικέτας
Δεν υπάρχουν, Καταχωρήστε ετικέτα πρώτοι!
|
MARC
| LEADER | 00000nam a2200000 i 4500 | ||
|---|---|---|---|
| 001 | 1/15192 | ||
| 008 | 010110s1995 eng d | ||
| 020 | |a 0-07-054942-7 | ||
| 035 | |l 10065299 | ||
| 040 | |a GR-MY-UA |b gre |e aacr | ||
| 041 | 0 | |a eng | |
| 082 | 0 | |a 519.5 | |
| 100 | 1 | |a Banks, John A. | |
| 245 | 1 | 0 | |a Student solutions manual to accompany Sanders : |b statistics: a first course / |c John A. Banks |
| 250 | |a 5th ed. | ||
| 260 | |a New York : |b McGraw-Hill, inc., |c c1995 | ||
| 300 | |a 119 σ. |b εικ. | ||
| 650 | 0 | 0 | |a Statistics. |
| 852 | |a INST |b LESVOS |e 20010110 |h 519.5 BAN |p 005100028995 |q 005100028995 |t BK |y 0 | ||
| 901 | |a BIBL1-2001-1 | ||
| 909 | |a Λ |b 084264 | ||
| 922 | |a 1ΕΛΗ |b 200012 |c ΤΑΚ/ΤΓ |d ΜΙΧΑΛΟΠΟΥΛΟΣ | ||
| 950 | |a 118-1999-09-20 | ||
| 970 | |a ΤΖΑΦΕΡΗ |b ΕΥΑΓΓΕΛΙΑ |z 2001/04/03 | ||